Scaling up poverty reduction learning and innovating for development : findings from the Shanghai global learning initiative /

Bibliographic Details
Corporate Author: ProQuest (Firm)
Other Authors: Moreno-Dodson, Blanca.
Format: Electronic eBook
Language:English
Published: Washington, DC : World Bank, 2005.
Subjects:
Online Access:Click to View
LEADER 01481nam a2200361Ia 4500
001 EBC459602
003 MiAaPQ
005 20200520144314.0
006 m o d |
007 cr cn|||||||||
008 050809s2005 dcu sb 001 0 eng d
010 |z  2005043450 
020 |z 082136362X 
035 |a (MiAaPQ)EBC459602 
035 |a (Au-PeEL)EBL459602 
035 |a (CaPaEBR)ebr10088407 
035 |a (CaONFJC)MIL21709 
035 |a (OCoLC)61709054 
040 |a MiAaPQ  |c MiAaPQ  |d MiAaPQ 
050 4 |a HC59.72.P6  |b S33 2005 
082 0 4 |a 339.4/6/091724  |2 22 
245 0 0 |a Scaling up poverty reduction  |h [electronic resource] :  |b learning and innovating for development : findings from the Shanghai global learning initiative /  |c edited by Blanca Moreno-Dodson. 
260 |a Washington, DC :  |b World Bank,  |c 2005. 
300 |a xviii, 267 p. 
504 |a Includes bibliographical references and index. 
533 |a Electronic reproduction. Ann Arbor, MI : ProQuest, 2015. Available via World Wide Web. Access may be limited to ProQuest affiliated libraries. 
650 0 |a Poverty  |z Developing countries  |v Case studies. 
650 0 |a Economic assistance  |z Developing countries  |v Case studies. 
650 0 |a Economic development projects  |z Developing countries  |v Case studies. 
655 4 |a Electronic books. 
700 1 |a Moreno-Dodson, Blanca. 
710 2 |a ProQuest (Firm) 
856 4 0 |u https://ebookcentral.proquest.com/lib/matrademy/detail.action?docID=459602  |z Click to View